000 00489nam a2200181Ia 4500
001 16946
005 20260306170348.0
008 260306t2011||||xx |||||||||||||| ||und||
041 _aESP
082 _a657.3
_bR78
100 _aRojo Ramírez, Alfonso A.
_eAUT
245 0 _aAnálisis económico-financiero de la empresa:
_bun análisis desde los datos contables
260 _c2011
300 _a362 páginas :
_c24 cm.
650 _aGEN
654 _aCCO
942 _cLIB
_dJUS
_fJUS
_2ddc
_n
999 _c16946
_d16946